Lectoescritura 1: programa de habilidades metalinguística de segmentación de palabras

Saved in:
書目詳細資料
主要作者: Vallés Arándiga, Antonio (Author)
格式: 圖書
語言:西班牙语
出版: Madrid Escuela Española 1997
主題:
標簽: 添加標簽
沒有標簽, 成為第一個標記此記錄!

MARC

LEADER 00000nam a2200000 a 4500
001 UCP1323
003 CL-VaPUC
008 990409e19970000SP |||||||||||||||||spa|d
082 0 4 |a 372.41  |b VAL  |2 21 
100 0 |a Vallés Arándiga, Antonio  |e author  |9 427304 
245 1 0 |a Lectoescritura 1: programa de habilidades metalinguística de segmentación de palabras 
300 |a 125 p 
942 |c BK 
945 |d 19990409 00:00:00  |a rbrito 
260 |a Madrid  |b Escuela Española  |c 1997 
650 0 |a Lectoescritura  |9 309175 
650 0 |a Lingüística  |9 265068 
650 0 |a Enseñanza del lenguaje  |9 373325 
650 7 |a TRASTORNO DEL HABLA  |2 CL-VaPUC  |9 322733 
650 0 |a Educación básica   |9 224933 
583 |a last modification  |c 20170609 10:05:22  |k Rodrigo Vera 
999 |c 280013  |d 280011 
952 |0 0  |1 0  |4 0  |6 372_410000000000000_VAL_1997  |7 0  |8 A  |9 319982  |a BIBEDU  |b BIBEDU  |d 2019-11-20  |i 3494136  |o 372.41 VAL 1997  |p 3494136  |r 2019-11-20  |w 2019-11-20  |y BK  |k BME